000 01048naa a22002897a 4500
001 BR9602452
003 BR-BrBNA
005 20240918181454.0
007 ta
008 230509b bl.||||| |||| 00| 0 por d
040 _aBR-BrBNA
_bpor
_cBiblioteca Nacional de Agricultura
041 _a(Pt)
072 _aQ60
_b2400
090 _aQ60 BR9602452
100 1 _aPinheiro, E.
245 1 _aLatices e borrachas da Amazonia
260 3 _aBelem, PA (Brasil):
_c1993.
500 _aMitschein, T.; Pinho, J.; Flores, C. Plantas amazonicas e seu aproveitamento tecnologico Belem, PA (Brasil): 1993. p. 71-82 (BR9602452-AM)Q60
650 _aPlanta Produtora de Borracha
650 _aVariedade
650 _aExploracao Agricola
650 _aExtracao
650 _aAmazonia
773 0 _tPlantas amazonicas e seu aproveitamento tecnologico
_aMitschein, T.; Pinho, J.; Flores, C.. Universidade Federal do Para, Belem (Brasil)
_wQ60 BR9602452
_gBelem, PA (Brasil), 1993. p. 71-82
909 _a202404
_bLucia
_c55
_dLucia Elande
942 _cAM
_2AGRIS
999 _c325400
_d325400